| 000 | 00613 a2200181 4500 | ||
|---|---|---|---|
| 001 | 066496 | ||
| 003 | OSt | ||
| 005 | 20210929152203.0 | ||
| 008 | |||
| 082 |
_a338.88 _bH18I |
||
| 100 | 1 | _aHamilton, Leslie | |
| 245 | 1 |
_aThe international business environment _cby Leslie Hamilton and Philip Webster |
|
| 260 |
_aNew Delhi _bOxford University Press _c2009 |
||
| 300 | _a404p. | ||
| 690 | _aGlobalization--Economic aspects; International business enterprises; International economic relations; International trade; Globalization | ||
| 700 | _aWebster, Philip | ||
| 942 |
_2ddc _cBK |
||
| 999 |
_c545 _d545 |
||